| 000 | 00602nam a2200205 a 4500 | ||
|---|---|---|---|
| 005 | 20140310183425.0 | ||
| 008 | 070925s19uu xx 00 eng d | ||
| 020 | _a978-981-4195-97-3 | ||
| 050 |
_aHD 30.28 _b.P692 2007 |
||
| 100 | _aPitts, Robert A. | ||
| 245 |
_aStrategic Management : _bbuilding and sustaining competitive advantage. _cRobert A.Pitts. |
||
| 250 | _a4th ed. | ||
| 260 |
_aSingapore : _bThomson Learning. _cc2007. |
||
| 300 |
_axviii. 538 p. : _c24 cm. |
||
| 521 | _aBSBA | ||
| 650 | _aStrategic management. | ||
| 700 | _aLei, David | ||
| 942 |
_cBK _2lcc _kFOR |
||
| 999 |
_c22633 _d22633 |
||